000 00673nam a22002297a 4500
999 _c333954
_d333954
001 47855
003 UA-OsUOA
005 20200218101951.0
007 ta
008 20070822b un ||||| |||| 00| 0 ukr d
040 _aUA-OsUOA
_bukr
_cUA-OsUOA
_dUA-OsUOA
041 _aukr
080 _a821.161.2
090 _a821.161.2
_bФ30
100 _aФащенко В.
245 _aІз студій про новелу: жанрово-стильові питання
260 _aК.
_bРадянський письменник
_c1971
300 _a203 с.
650 7 _a82 Література. Літературознавство
_2UDC
942 _cBK
_2udc
955 _a1